000 00771nam a2200253Ia 4500
003 OSt
005 20220927110459.0
006 a|||||r|||| 00| 0
007 ta
008 220926b |||||||| |||| 00| 0 eng d
024 _a83503
037 _cReports
040 _aRTL
_cRTL
_beng
041 _2eng
_aeng
082 _a"XM,9(J):6.2.N59t, K0/GD"
110 _aIndia (Govt. of-)
_9378684
245 0 _a"Community development and cooperation, co-operative credit."
260 _aNew
_bDelhi Nation Cooperative Development Corporation India
_c1960
300 _a256p.
_ccm.
650 _aCooperative Economics
700 _aIndia (Govt. of-)
_9378685
942 _h"XM,9(J):6.2.N59t, K0/GD"
_cCC
999 _c696948
_d696948